|
|
|
|
| LEADER |
03516nam a22006135i 4500 |
| 001 |
978-3-540-27812-2 |
| 003 |
DE-He213 |
| 005 |
20151204174348.0 |
| 007 |
cr nn 008mamaa |
| 008 |
121227s2004 gw | s |||| 0|eng d |
| 020 |
|
|
|a 9783540278122
|9 978-3-540-27812-2
|
| 024 |
7 |
|
|a 10.1007/b98751
|2 doi
|
| 040 |
|
|
|d GrThAP
|
| 050 |
|
4 |
|a QA75.5-76.95
|
| 072 |
|
7 |
|a UY
|2 bicssc
|
| 072 |
|
7 |
|a UYA
|2 bicssc
|
| 072 |
|
7 |
|a COM014000
|2 bisacsh
|
| 072 |
|
7 |
|a COM031000
|2 bisacsh
|
| 082 |
0 |
4 |
|a 004.0151
|2 23
|
| 245 |
1 |
0 |
|a Theory Is Forever
|h [electronic resource] :
|b Essays Dedicated to Arto Salomaa on the Occasion of His 70th Birthday /
|c edited by Juhani Karhumäki, Hermann Maurer, Gheorghe Păun, Grzegorz Rozenberg.
|
| 264 |
|
1 |
|a Berlin, Heidelberg :
|b Springer Berlin Heidelberg,
|c 2004.
|
| 300 |
|
|
|a X, 286 p.
|b online resource.
|
| 336 |
|
|
|a text
|b txt
|2 rdacontent
|
| 337 |
|
|
|a computer
|b c
|2 rdamedia
|
| 338 |
|
|
|a online resource
|b cr
|2 rdacarrier
|
| 347 |
|
|
|a text file
|b PDF
|2 rda
|
| 490 |
1 |
|
|a Lecture Notes in Computer Science,
|x 0302-9743 ;
|v 3113
|
| 505 |
0 |
|
|a Duality for Three: Ternary Symmetry in Process Spaces -- Mathematical Proofs at a Crossroad? -- Rational Relations as Rational Series -- Networks of Standard Watson-Crick D0L Systems with Incomplete Information Communication -- On the Size of Components of Probabilistic Cooperating Distributed Grammar Systems -- Remarks on Sublanguages Consisting of Primitive Words of Slender Regular and Context-Free Languages -- A Semiring-Semimodule Generalization of ?-Context-Free Languages -- Integer Weighted Finite Automata, Matrices, and Formal Power Series over Laurent Polynomials -- Two Models for Gene Assembly in Ciliates -- On Self-Dual Bases of the Extensions of the Binary Field -- On NFA Reductions -- Some Results on Directable Automata -- Rectangles and Squares Recognized by Two-Dimensional Automata -- Substitution on Trajectories -- Recombination Systems -- Algebraic Aspects of Parikh Matrices -- On Distributed Computing on Elliptic Curves -- On the Formal Modelling of Trust in Reputation-Based Systems -- Issues with Applying Cryptography in Wireless Systems -- On a Tomographic Equivalence Between (0,1)-Matrices -- P Systems with Tables of Rules -- Some Properties of Multistage Interconnection Networks -- Structural Equivalence of Regularly Extended E0L Grammars: An Automata Theoretic Proof -- Complexity of Evolving Interactive Systems.
|
| 650 |
|
0 |
|a Computer science.
|
| 650 |
|
0 |
|a Computers.
|
| 650 |
|
0 |
|a Computer logic.
|
| 650 |
|
0 |
|a Mathematical logic.
|
| 650 |
|
0 |
|a Numerical analysis.
|
| 650 |
|
0 |
|a Computer science
|x Mathematics.
|
| 650 |
1 |
4 |
|a Computer Science.
|
| 650 |
2 |
4 |
|a Theory of Computation.
|
| 650 |
2 |
4 |
|a Computation by Abstract Devices.
|
| 650 |
2 |
4 |
|a Logics and Meanings of Programs.
|
| 650 |
2 |
4 |
|a Mathematical Logic and Formal Languages.
|
| 650 |
2 |
4 |
|a Discrete Mathematics in Computer Science.
|
| 650 |
2 |
4 |
|a Numeric Computing.
|
| 700 |
1 |
|
|a Karhumäki, Juhani.
|e editor.
|
| 700 |
1 |
|
|a Maurer, Hermann.
|e editor.
|
| 700 |
1 |
|
|a Păun, Gheorghe.
|e editor.
|
| 700 |
1 |
|
|a Rozenberg, Grzegorz.
|e editor.
|
| 710 |
2 |
|
|a SpringerLink (Online service)
|
| 773 |
0 |
|
|t Springer eBooks
|
| 776 |
0 |
8 |
|i Printed edition:
|z 9783540223931
|
| 830 |
|
0 |
|a Lecture Notes in Computer Science,
|x 0302-9743 ;
|v 3113
|
| 856 |
4 |
0 |
|u http://dx.doi.org/10.1007/b98751
|z Full Text via HEAL-Link
|
| 912 |
|
|
|a ZDB-2-SCS
|
| 912 |
|
|
|a ZDB-2-LNC
|
| 912 |
|
|
|a ZDB-2-BAE
|
| 950 |
|
|
|a Computer Science (Springer-11645)
|